Patrones de distribución territorial del arte grafiti : un estudio comparativo
Gardado en:
| Autor Principal: | |
|---|---|
| Outros autores: | , , , , , |
| Formato: | Desconocido |
| Idioma: | Spanish |
| Publicado: |
[San José, Costa Rica]
2014
|
| Materias: | |
| Acceso en liña: | https://cedi.ucr.ac.cr/arquitectura/patrones-de-distribucion-territorial-del-arte-grafiti-un-estudio-comparativo/ |
| Etiquetas: |
Engadir etiqueta
Sen Etiquetas, Sexa o primeiro en etiquetar este rexistro!
|
MARC
| LEADER | 00000 a2200000 4500 | ||
|---|---|---|---|
| 003 | EA0083 | ||
| 005 | 20231005151229.0 | ||
| 008 | 140114s2014 cr a 000 ||spa d | ||
| 040 | |c cru CEDI | ||
| 090 | |a TFG EA-083 | ||
| 100 | |a Álvarez Roses, Daniel Francisco |9 20101 | ||
| 245 | |a Patrones de distribución territorial del arte grafiti : un estudio comparativo | ||
| 260 | |a [San José, Costa Rica] |c 2014 | ||
| 500 | |a Seminario de graduación (licenciatura en arquitectura)--Universidad de Costa Rica. Facultad de Ingeniería. Escuela de Arquitectura | ||
| 501 | |a Directora de Seminario de Graduación: Arq. Marcela Vargas Rojas | ||
| 650 | |x PAISAJE URBANO - ASPECTOS SOCIALES - SAN JOSE (COSTA RICA) Link - |x ESPACIO URBANO - SAN JOSE (COSTA RICA) |x ARTE Y ARQUITECTURA |x GRAFFITI - SAN JOSE (COSTA RICA) |x IMAGEN DE LA SAN JOSE (COSTA RICA) |9 20107 | ||
| 700 | |9 20102 |a Ballestero Gutiérrez, Alberto | ||
| 700 | |9 20103 |a Granados Rojas, Ronald Gerardo | ||
| 700 | |9 20104 |a Pineda Zúñiga, Benjamín | ||
| 700 | |9 20105 |a Valverde Jiménez, Laura | ||
| 700 | |9 20106 |a Vásquez Cerdas, Carlos Manuel | ||
| 700 | |9 96 |a Vargas Rojas, Marcela, 1984- |d Directora del TFG | ||
| 856 | |u https://cedi.ucr.ac.cr/arquitectura/patrones-de-distribucion-territorial-del-arte-grafiti-un-estudio-comparativo/ |y https://cedi.ucr.ac.cr/arquitectura/patrones-de-distribucion-territorial-del-arte-grafiti-un-estudio-comparativo/ | ||
| 942 | |c CEDI |2 ddc | ||
| 999 | |c 12944 |d 12944 | ||
